Ekonomický kolaps Slovensku nehrozí
Z vystúpenia v Banskej Bystrici. - Menová politika NBS na r.1993. Menový program. Inflácia, devalvácia. Zahraničná zadlženosť. Vzťah úverov a vkladov, emisná činnosť Národnej banky Slovenska.
Gespeichert in:
| 1. Verfasser: | |
|---|---|
| Weitere Verfasser: | |
| Format: | Buchkapitel |
| Sprache: | Slowakisch |
| Schlagworte: | |
| Tags: |
Keine Tags, Fügen Sie das erste Tag hinzu!
|
MARC
| LEADER | 00000naa a2200000 4500 | ||
|---|---|---|---|
| 001 | r014438 | ||
| 005 | 20221205080555.0 | ||
| 041 | 0 | |a slo | |
| 044 | |a SK | ||
| 245 | 1 | 0 | |a Ekonomický kolaps Slovensku nehrozí |c M. Tkáč, E. Klimešová |
| 520 | |a Z vystúpenia v Banskej Bystrici. - Menová politika NBS na r.1993. Menový program. Inflácia, devalvácia. Zahraničná zadlženosť. Vzťah úverov a vkladov, emisná činnosť Národnej banky Slovenska. | ||
| 610 | 2 | 0 | |a politika menová |
| 610 | 2 | 0 | |a Slovensko |
| 610 | 2 | 0 | |a bankovníctvo |
| 610 | 2 | 0 | |a konferencie |
| 610 | 2 | 0 | |a FINEX '93 |
| 610 | 2 | 0 | |a Banská Bystrica |
| 610 | 2 | 0 | |a inflácia |
| 610 | 2 | 0 | |a devalvácia |
| 610 | 2 | 0 | |a zadlženosť zahraničná |
| 610 | 2 | 0 | |a úver bankový |
| 610 | 2 | 0 | |a NBS Bratislava |
| 100 | 1 | |a Tkáč, M. | |
| 700 | 1 | |a Klimešová, E. | |